Protección constitucional del consumidor y del usuario / (Record no. 119696)
[ view plain ]
| 000 -LEADER | |
|---|---|
| campo de control de longitud fija | 02664cam a2200385 i 4500 |
| 003 - IDENTIFICADOR DE NÚMERO DE CONTROL | |
| campo de control | BJBSDDR |
| 005 - FECHA Y HORA DE LA ÚLTIMA TRANSACCIÓN | |
| campo de control | 20231110161143.0 |
| 007 - CAMPO FIJO DE DESCRIPCIÓN FÍSICA--INFORMACIÓN GENERAL | |
| campo de control de longitud fija | ta |
| 008 - DATOS DE LONGITUD FIJA--INFORMACIÓN GENERAL | |
| campo de control de longitud fija | 140623s2021 dr b 000 0 spa |
| 020 ## - NÚMERO INTERNACIONAL ESTÁNDAR DEL LIBRO | |
| Número Internacional Estándar del Libro | 9789945092233 |
| 020 ## - NÚMERO INTERNACIONAL ESTÁNDAR DEL LIBRO | |
| Número Internacional Estándar del Libro | 9945092235 |
| 035 ## - NÚMERO DE CONTROL DEL SISTEMA | |
| Número de control de sistema | (PR-SjLB)bv0000007830 |
| 040 ## - FUENTE DE CATALOGACIÓN | |
| Centro catalogador/agencia de origen | BJBSDDR |
| Lengua de catalogación | spa |
| Centro/agencia transcriptor | BJBSDDR |
| 041 ## - CÓDIGO DE IDIOMA | |
| Código de lengua del texto/banda sonora o título independiente | spa |
| 042 ## - CÓDIGO DE AUTENTICACIÓN | |
| Código de autenticación | pcc |
| 043 ## - CÓDIGO DE ÁREA GEOGRÁFICA | |
| Código de área geográfica | nwdr--- |
| 050 14 - SIGNATURA TOPOGRÁFICA DE LA BIBLIOTECA DEL CONGRESO | |
| Número de clasificación | KGQ 3739 |
| Número de ítem | R696p 2021 |
| 100 1# - ENTRADA PRINCIPAL--NOMBRE DE PERSONA | |
| Nombre de persona | Rodríguez, Namphi |
| 9 (RLIN) | 8070 |
| 245 10 - MENCIÓN DEL TÍTULO | |
| Título | Protección constitucional del consumidor y del usuario / |
| Mención de responsabilidad, etc. | Namphi Rodríguez. |
| 250 ## - MENCION DE EDICION | |
| Mención de edición | Segunda impresión |
| 260 ## - PUBLICACIÓN, DISTRIBUCIÓN, ETC. | |
| Lugar de publicación, distribución, etc. | Santo Domingo : |
| Nombre del editor, distribuidor, etc. | Impresora Soto Castillo, |
| Fecha de publicación, distribución, etc. | 2021. |
| 300 ## - DESCRIPCIÓN FÍSICA | |
| Extensión | xxv, 599 páginas ; |
| Dimensiones | 24 cm. |
| 336 ## - TIPO DE CONTENIDO | |
| Término de tipo de contenido | text |
| Código de tipo de contenido | txt |
| Fuente | rdacontent |
| 337 ## - TIPO DE MEDIO | |
| Nombre/término del tipo de medio | unmediated |
| Código del tipo de medio | n |
| Fuente | rdamedia |
| 338 ## - TIPO DE SOPORTE | |
| Nombre/término del tipo de soporte | volume |
| Código del tipo de soporte | nc |
| Fuente | rdacarrier |
| 504 ## - NOTA DE BIBLIOGRAFÍA, ETC. | |
| Nota de bibliografía, etc. | Incluye referencias bibliográficas (páginas 591-599). |
| 505 0# - NOTA DE CONTENIDO CON FORMATO | |
| Nota de contenido con formato | Contenido-----Capítulo 1:El derecho del consumidor y delusuario.<br/>Capitulo 2------ El derecho constitucional del consumidor.Capitulo 3------Orden público protectorio y vulnerabilidad del consumidor. Capitulo 4------Los derechos sustanciales. Capitulo 5---- Loderechos fundamentales de los consumidores. Capítulo 6----- Los derechos instrumentales. Capítulo 7---- El contrato de consumo. Capítulo 8----La disiplina de los contratos por adhesión. Capítulo 9----Operaciones a crédito, presentación de servicios y otros contratos no <br/>tradicionales.Capitulo 10---- El consumidor frente a la publicidad. Capítulo 11----Protección del consumidor en internet.Capitulo 12 --usuarios de servicios públicos y de servicios económicos de interés general. Capitulo 13---- Regimen de garantías por productos servicios.Capitulo 14---- Proconsumidor: Autoridad de aplicación de la ley, de inspección y de vigilancia.Capítulo 15---- Aspectos del sistema dominicano para la calidad sidocal.Capitulo 16----Responsabilidad civil por daños a los consumidores y usario.Capitulo 17----- Delitos relatios al mercado y los consumidores. Capitulo 18--- Infracciones, ssaniones y acciones judiciales. <br/> |
| 520 ## - RESUMEN, ETC. | |
| Sumario, etc. | Este libro: Protección constitucional del consumidor y del usuario”, es un extenso manual de 600 páginas que hace un enfoque estructural y legal de estos derechos en República Dominicana. |
| 650 #0 - PUNTO DE ACCESO ADICIONAL DE MATERIA--TÉRMINO DE MATERIA | |
| Término de materia o nombre geográfico como elemento de entrada | Consumer protection |
| Subdivisión general | Law and legislation |
| Subdivisión geográfica | Dominican Republic. |
| 9 (RLIN) | 30580 |
| 650 #4 - PUNTO DE ACCESO ADICIONAL DE MATERIA--TÉRMINO DE MATERIA | |
| Término de materia o nombre geográfico como elemento de entrada | Protección al consumidor |
| Subdivisión general | Legislación |
| Subdivisión geográfica | República Dominicana |
| 9 (RLIN) | 20023 |
| 906 ## - ELEMENTOS DE DATOS F LOCAL, LDF (RLIN) | |
| a | 7 |
| b | cbc |
| c | origres |
| d | 2 |
| e | ncip |
| f | 20 |
| g | y-gencatlg |
| 942 ## - ELEMENTOS DE ENTRADA SECUNDARIOS (KOHA) | |
| Fuente del sistema de clasificación o colocación | Clasificación de Library of Congress |
| Tipo de ítem Koha | Libro |
| 946 ## - PROCESAMIENTO DE INFORMACIÓN LOCAL (OCLC) | |
| Iniciales del agente catalogador | rmza |
| Estatus retirado | Estado de pérdida | Fuente del sistema de clasificación o colocación | Estado de daño | No para préstamo | Colección | Biblioteca de origen | Biblioteca actual | Ubicación en estantería | Fecha de adquisición | Signatura topográfica completa | Código de barras | Visto por última vez | Copia número | Tipo de ítem Koha |
|---|---|---|---|---|---|---|---|---|---|---|---|---|---|---|
| Clasificación de Library of Congress | Ciencias Sociales | Biblioteca Juan Bosch | Biblioteca Juan Bosch | Ciencias Sociales (3er. Piso) | 14/06/2023 | KGQ 3739 R696p 2021 | 00000170815 | 14/06/2023 | 1 | Libro |
